Library Banner

سندھ کا المیہ (Record no. 70157)

MARC details
000 -LEADER
fixed length control field 00406nam a22001457a 4500
005 - DATE AND TIME OF LATEST TRANSACTION
control field 20150422102610.0
008 - FIXED-LENGTH DATA ELEMENTS--GENERAL INFORMATION
fixed length control field 150422b xxu||||| |||| 00| 0 eng d
040 ## - CATALOGING SOURCE
Transcribing agency PK-LaUMT
082 ## - DEWEY DECIMAL CLASSIFICATION NUMBER
Classification number KHC 954.918
Item number ZIB-S
100 ## - MAIN ENTRY--PERSONAL NAME
Personal name زبیراحمد فردوسی
245 ## - TITLE STATEMENT
Title سندھ کا المیہ
Statement of responsibility, etc زبیر احمد فردوسی
260 ## - PUBLICATION, DISTRIBUTION, ETC. (IMPRINT)
Place of publication, distribution, etc لاہور
Name of publisher, distributor, etc نگارشات
Date of publication, distribution, etc 1987
300 ## - PHYSICAL DESCRIPTION
Extent 80 ص
942 ## - ADDED ENTRY ELEMENTS (KOHA)
Koha item type Books
Holdings
Withdrawn status Lost status Damaged status Home library Current library Date acquired Full call number Barcode Date last seen Price effective from Koha item type
      UMT Main Campus UMT Main Campus 2015-04-22 KHC 954.918 ZIB-S 68368 2015-04-22 2015-04-22 Books